Normal view
MARC view
Entry Personal Name
001 - CONTROL NUMBER
- control field: 249052
003 - CONTROL NUMBER IDENTIFIER
- control field: MY-SjTCS
005 - DATE AND TIME OF LATEST TRANSACTION
- control field: 20200306164300.0
008 - FIXED-LENGTH DATA ELEMENTS
- fixed length control field: 200306|| aca||aabn | a|a d
040 ## - CATALOGING SOURCE
- Original cataloging agency: MY-SjTCS
- Transcribing agency: MY-SjTCS
100 ## - HEADING--PERSONAL NAME
- Personal name: Fontanille, M.
- Fuller form of name: (Michel),
- Dates associated with a name: 1936-
- Title of a work: Chimie et physico-chimie des polymères.
- Language of a work: English.
670 ## - SOURCE DATA FOUND
- Source citation: Work cat.: (MY-SjTCS)48823: Gnanou, Yves. 249050, Organic and physical chemistry of polymers, c2008.